000 00662nam a2200253Ia 4500
003 OSt
005 20221005083758.0
006 a|||||r|||| 00| 0
007 ta
008 221004b |||||||| |||| 00| 0 eng d
020 _a8185990352
024 _a79270
037 _cTextual
040 _aCRL
_cCRL
_beng
041 _2eng
_aeng
082 _aQ10t7, N6
100 _aGoel Sita Ram
245 0 _aHistory of Hindu - Christian encounters AD 304 to 1996
260 _aNew Delhi
_bVoice of India India
_c1996
300 _a530p.
_ccm.
650 _aRELIGION
942 _hQ10t7, N6
_cTEXL
_2cc
999 _c991518
_d991518